Southville International School and Colleges
Your cart is empty.
  • Cart
  • Lists
    Public lists Eva Luna New books Lux_list list_1
    Your lists Log in to create your own lists
  • Log in to your account
  • Your cookies
  • Search history
Southville International School and Colleges
  • Advanced search
  • Recent comments
  • Most popular
  • Libraries

Log in to your account

Log in with GOOGLE


If you do not have an external account, but do have a local account, you can still log in:

  1. Home
  2. MARC view: Harvard business review on teams that succeed /
Normal view MARC view ISBD view

Harvard business review on teams that succeed / (Record no. 356952)

[ view plain ]
MARC details
000 -LEADER
fixed length control field 00616nam a2200217Ia 4500
008 - FIXED-LENGTH DATA ELEMENTS--GENERAL INFORMATION
fixed length control field 180523s9999 xx 000 0 und d
020 ## - INTERNATIONAL STANDARD BOOK NUMBER
International Standard Book Number 1-59139-502-X
050 ## - LIBRARY OF CONGRESS CALL NUMBER
Classification number MAIN HD 66
050 ## - LIBRARY OF CONGRESS CALL NUMBER
Item number .H37 2004
245 #0 - TITLE STATEMENT
Title Harvard business review on teams that succeed /
260 ## - PUBLICATION, DISTRIBUTION, ETC. (IMPRINT)
Place of publication, distribution, etc Massachusetts :
260 ## - PUBLICATION, DISTRIBUTION, ETC. (IMPRINT)
Name of publisher, distributor, etc Harvard Business School Press,
260 ## - PUBLICATION, DISTRIBUTION, ETC. (IMPRINT)
Date of publication, distribution, etc 2004
300 ## - PHYSICAL DESCRIPTION
Extent 200 pages :
300 ## - PHYSICAL DESCRIPTION
Dimensions 21 cm.
440 ## - SERIES STATEMENT/ADDED ENTRY--TITLE
Title A Harvard business review paperback.
500 ## - GENERAL NOTE
General note Includes index.
650 ## - SUBJECT ADDED ENTRY--TOPICAL TERM
Topical term or geographic name as entry element Organizational effectiveness.
650 ## - SUBJECT ADDED ENTRY--TOPICAL TERM
Topical term or geographic name as entry element Teams in the workplace.
650 ## - SUBJECT ADDED ENTRY--TOPICAL TERM
General subdivision Employee motivation.
Holdings
Withdrawn status Lost status Damaged status Home library Current library Shelving location Date acquired Total Checkouts Full call number Barcode Date last seen Price effective from Koha item type
      South Mansfield College South Mansfield College   06/10/2006   MAIN HD 66 .H37 2004 SMC03188 05/23/2018 05/23/2018  

Harvard business review on teams that succeed /

APA

Harvard business review on teams that succeed. Massachusetts: .

Chicago

Harvard business review on teams that succeed. Massachusetts: .

Harvard

Harvard business review on teams that succeed. Massachusetts: .

MLA

Massachusetts: . .

  • Place hold
  • Print
  • Cite
  • Add to your cart (remove)
  • Save record
    BIBTEX Dublin Core MARCXML MARC (non-Unicode/MARC-8) MARC (Unicode/UTF-8) MARC (Unicode/UTF-8, Standard) MODS (XML) RIS
  • More searches
    Search for this title in:
    Other Libraries (WorldCat) Other Databases (Google Scholar) Online Stores (Bookfinder.com) Open Library (openlibrary.org)

Exporting to Dublin Core...

SOUTHVILLE LIBRARY

Southville International School and Colleges Library

1281 Tropical Ave. Cor. Luxembourg St., BF Homes International, Las Pinas City

Tel. No. 8256374 / 252358 Loc. 117/146

Powered by Koha